[Event "Euskadi-ch"]
[Site "Getxo"]
[Date "2023.04.14"]
[Round "4.1"]
[White "Diaz Herrero, Alvaro"]
[Black "Argandona Riveiro, Inigo"]
[Result "1/2-1/2"]
[WhiteElo "2187"]
[BlackElo "2355"]
[PlyCount "79"]
[EventDate "2023.04.12"]
[EventType "swiss"]
[EventRounds "7"]
[EventCountry "ESP"]
[SourceTitle "EXT 2024"]
[Source "ChessBase"]
[SourceDate "2023.10.10"]
[SourceVersion "1"]
[SourceVersionDate "2023.10.10"]
[SourceQuality "1"]

1. e4 e5 2. Bc4 c6 3. Nf3 d5 4. Bb3 Nf6 5. d3 Bd6 6. Nc3 Bg4 7. h3 Bh5 8. g4 Bg6 9. g5 Nfd7 10. exd5 Nc5 11. Nh4 Be7 12. Nxg6 hxg6 13. dxc6 Nxc6 14. Qg4 Nd4 15. Kd1 Nf5 16. h4 Qd7 17. Ba4 Nxa4 18. Qxa4 Qxa4 19. Nxa4 0-0-0 20. Nc3 Nxh4 21. Be3 Nf5 22. Ke2 Nxe3 23. fxe3 Bxg5 24. e4 Rh5 25. Rxh5 gxh5 26. Nd5 Kd7 27. c4 Be7 28. Rg1 g6 29. b4 Rg8 30. Rh1 Rh8 31. Kf3 g5 32. a4 g4+ 33. Kg3 Bg5 34. c5 Ke6 35. Rf1 Be7 36. Nc7+ Kd7 37. Nd5 Ke6 38. Nc7+ Kd7 39. Nd5 Ke6 40. Nc7+ 1/2-1/2